Posúdenie vývoja finančnej a výnosovej situácie podniku so zameraním na analýzu finančnej výkonnosti diplomová práca

Salvato in:
Dettagli Bibliografici
Autore principale: Mecele, Martin
Ente Autore: Fakulta podnikového manažmentu EU. Katedra podnikových financií
Altri autori: Nagy, Ladislav
Natura: Libro
Lingua:slovacco
Pubblicazione: Bratislava 2015
Tags: Aggiungi Tag
Nessun Tag, puoi essere il primo ad aggiungerne!!

MARC

LEADER 00000nbm a2200000 4500
001 0201201
005 20161212100708.3
041 0 |a slo 
044 |a SK 
245 1 0 |a Posúdenie vývoja finančnej a výnosovej situácie podniku so zameraním na analýzu finančnej výkonnosti  |b diplomová práca  |c Martin Mecele ; školiteľ: Ladislav Nagy 
264 1 |a Bratislava  |c 2015 
300 |a 98 s. 
100 1 |a Mecele, Martin 
700 1 |a Nagy, Ladislav 
710 2 |a Fakulta podnikového manažmentu EU. Katedra podnikových financií